000 00744cam a2200253 a 4500
999 _c3149
_d3149
001 88807
003 GBCCL
005 20241126110448.0
008 980331s1996 mnu 000 0 eng d
020 _a0913367796
035 _a(OCoLC)ocm38872135
040 _aSPB
_cSPB
049 _aLBBK
082 _a248.32
_bAND
090 _aBL560.A53
_bP73 1996
100 1 _aAnderson, Leith,
_d1944-
_9995
245 1 0 _aPraying to the God you can trust /
_cLeith Anderson.
250 _aBilly Graham Evangelistic Association special edition.
260 _aMinneapolis, Minn. :
_bBethany House Publishers,
_cc1996.
300 _a207 p. ;
_c21 cm.
500 _aOriginally published as: When God says no.
650 0 _aPrayer.
_9332
942 _2ddc
_cBK